| 000 | 00478nam a2200157Ia 4500 | ||
|---|---|---|---|
| 008 | 230917s9999||||xx |||||||||||||| ||und|| | ||
| 040 |
_e157561 _aMAIN |
||
| 041 | _aEnglish | ||
| 082 | _a346.022 K143S | ||
| 100 | _aKapoor, S.K. | ||
| 245 | 0 | _aSamvida vidhi evam maal vikriya adhiniyam evam bhagidari adhiniyam (Law of contract-II, Sale of goods act and partnershi | |
| 250 | _a11th ed. | ||
| 260 |
_aAllahabad _bCentral Law Agency _c1999 |
||
| 300 | _a240 p. | ||
| 942 | _cBK | ||
| 999 |
_c105466 _d105466 |
||